000
00297nam a22001217a 4500
008
180927b xxu||||| |||| 00| 0 eng d
041
_a
eng
080
_a
510
100
_a
37
101
_a
MAT
245
_a
Innumeracy/ Mathematical Illiteracy and its Consequences
_c
Paulos, J.A
942
_2
udc
_c
BK
999
_c
48617
_d
48617